000 00818nam a2200205 i 4500
001 167499
003 ES-MaACL
005 20250817034232.0
008 050923q19001910fr af | |||||||| ||spa d
040 _aCAM
_bspa
_cCAM
100 1 _aVigée Le Brun, Louise-Élisabeth.
_9133715
245 1 0 _aSouvenirs de Mme Louise-Elisabeth Vigée-Le Brun
_b: notes et portraits, 1755-1789 /
_cpubliés avec une introduction de Pierre de Nolhac.
260 _aParis :
_bArthème Fayard, éditeur,
_c[s.a.]
300 _a139 p., [4] h. de lám. :
_bil. ;
_c24 cm.
490 1 _aMémoires et souvenirs / publiés sous la direction de F. Funck-Brentano
596 _aProbablemente imp. ca. 1900-1910.
830 0 0 _aMémoires et souvenirs
_9183261
852 _aES-MaACL
_jC-1102
_z-- Enc. ed. en tela
999 _c167499
_d167499